| 000 | 01127cam a2200313 i 4500 | ||
|---|---|---|---|
| 001 | 18140837 | ||
| 003 | EG-ScBUE | ||
| 005 | 20230531112255.0 | ||
| 008 | 140506t2014 enka f b 001 0 eng d | ||
| 020 | _a9781783062591 | ||
| 040 |
_aDLC _beng _erda _cDLC _dEG-ScBUE |
||
| 082 | 0 | 4 |
_222 _a720.9 _bSTE |
| 100 | 1 |
_aSteadman, Philip, _d1942- _eauthor. |
|
| 245 | 1 | 0 |
_aBuilding types and built forms / _cPhilip Steadman, emeritus professor of urban and built form studies, Bartlett Faculty of the Built Environment, University College London. |
| 264 | 1 |
_aLeicestershire, UK : _bMatador, _c[2014] |
|
| 264 | 4 | _cc2014 | |
| 300 |
_avi, 424 pages : _billustrations ; _c31 cm |
||
| 336 |
_2rdacontent _atext _btxt |
||
| 337 |
_2rdamedia _aunmediated _bn |
||
| 338 |
_2rdacarrier _avolume _bnc |
||
| 504 | _aIncludes bibliographical references and index. | ||
| 650 | 7 |
_aArchitecture _xHistory. _2BUEsh _911236 |
|
| 650 | 7 |
_aArchitecture _xComposition, proportion, etc. _2BUEsh _941656 |
|
| 650 | 7 |
_aGeometry in architecture. _2BUEsh |
|
| 651 | _2BUEsh | ||
| 653 |
_bENGARC _cNovember2016 |
||
| 655 | _vReading book | ||
| 942 |
_2ddc _cBB |
||
| 999 |
_c23255 _d23227 |
||